| 000 | 00781nam a22002177a 4500 | ||
|---|---|---|---|
| 005 | 20240530110501.0 | ||
| 008 | 150702s2008 ua ao f 000 0 ara d | ||
| 040 | _aEG-CaGPL | ||
| 082 | 0 | 4 |
_221 _a709.6 _bق/ا ش |
| 100 | 0 | _aاحمد فؤاد سليم | |
| 245 | 1 | 0 |
_aشاهد عيان على حركة الفن المصرى المعاصر / _cاحمد فؤاد سليم |
| 260 |
_aالقاهرة : _bالهيئة المصرية العامة للكتاب ، _c2008 . |
||
| 300 |
_a247 ص : _bصور ؛ _c24 سم . |
||
| 600 | 0 | 4 | _aمحمود مختار |
| 650 | 0 | 4 | _aالفن المصرى |
| 650 | 0 | 4 |
_aالفن المصرى _xتاريخ |
| 650 | 0 | 4 | _aالفن الحديث |
| 650 | 0 | 4 |
_aالنحت _zمصر |
| 942 |
_2ddc _cBK |
||
| 999 |
_c61471 _d61471 |
||